02136cam a22002054a 45000010009000000050017000090080041000260100017000670200018000840500017001022450108001192500012002272600053002393000067002925000019003595051425003787000020018037000030018238560077018531329043920210414114125.0030725s2005 mauab 001 0 eng  a 2003016998 a978007132764000aQH308.2.R38 00aBiology. /cPeter H. Raven ... [et al.] ; illustration authors, William C. Ober and Claire W. Garrison. a7th ed. aBoston :bMcGraw-Hill, Higher Education,cc2005. axxiii, 1250 + various pagings :bcol. ill. col. maps ;c29 cm. aIncludes index aContents: The Science of biology -- The Nature of molecules -- The Chemical building of blocks of life -- Cell-cell interactions -- Energy and metabolism -- How cells harvest energy -- Photosynthesis -- How cells divide -- Sexual reproduction and meiosis -- Patterns of inheritance -- DNA: the genetic material -- Genes and how they work -- Gene technology -- Genomes -- Control of gene expression -- Cellular mechanisms of development -- Cancer biology and cell technology -- Genes within populations -- The Evidence for evolution -- The Origin of species - Evolution of genomes and developmental mechanisms -- Systematics and the phylogenetic revolution -- Viruses -- Prokaryotes -- Protists -- Overview of plant diversity -- Fungi -- Overview of animal diversity -- Noncoelomatic invertebrates -- Coelomate invertebrates -- Vertebrates -- Plant form -- Vegetative plant development -- Transport in plants -- Plant nutrition -- Plant defence responses -- Sensory systems in plants -- Plant reproduction -- The Animal body aand how it moves -- Fueling body activities: digestion -- Circulation and respiration -- The Nervous system -- Sensory systems -- The Endocrine system -- The Immune system -- Maintaining the internal environment -- Sex and reproduction -- Vertebrate development -- Behavioural biology -- Population ecology -- Community ecology -- Dynamics of ecosystems -- The Bioshpere -- Conservation biology.1 aRaven, Peter H.1 aRaven, Peter H.tBiology.413Table of contentsuhttp://www.loc.gov/catdir/toc/ecip047/2003016998.html